Mathematics for science and technology (Record no. 82758)
[ view plain ]
| 000 -LEADER | |
|---|---|
| fixed length control field | 01007nam a2200193 a 4500 |
| 008 - FIXED-LENGTH DATA ELEMENTS--GENERAL INFORMATION | |
| fixed length control field | 120416s1974 ||||||||||||||||| || u |
| 020 ## - INTERNATIONAL STANDARD BOOK NUMBER | |
| International Standard Book Number | 070111360x |
| 050 ## - LIBRARY OF CONGRESS CALL NUMBER | |
| Classification number | TA 330 Gow |
| 100 ## - MAIN ENTRY--PERSONAL NAME | |
| Personal name | Gowar, N. W |
| 245 10 - TITLE STATEMENT | |
| Title | Mathematics for science and technology |
| 260 ## - PUBLICATION, DISTRIBUTION, ETC. | |
| Place of publication, distribution, etc. | London |
| Name of publisher, distributor, etc. | Chatto & Windus |
| Date of publication, distribution, etc. | 1974 |
| 300 ## - PHYSICAL DESCRIPTION | |
| Extent | x, 139p. : ill. |
| 350 ## - | |
| -- | 0.00 |
| 700 ## - ADDED ENTRY--PERSONAL NAME | |
| Personal name | Kerr, Edwin |
| 995 ## - | |
| -- | ANNEX COLLECTION (Main Library) |
| -- | 0.00 |
| -- | 727765 |
| -- | CBU-MAIN LIBRARY (Kitwe) |
| -- | 1 |
| -- | 2.50 |
| -- | TA 330 Gow |
| -- | 3 |
| -- | AVAILABLE |
| -- | 025682 |
| -- | Annex Low-Usage Collection |
| 995 ## - | |
| -- | ANNEX COLLECTION (Main Library) |
| -- | 0.00 |
| -- | 727762 |
| -- | CBU-MAIN LIBRARY (Kitwe) |
| -- | 4 |
| -- | 2.50 |
| -- | TA 330 Gow |
| -- | 4 |
| -- | AVAILABLE |
| -- | 025683 |
| -- | Annex Low-Usage Collection |
| 995 ## - | |
| -- | BINDERY (DAMAGED) |
| -- | 0.00 |
| -- | 727763 |
| -- | CBU-MAIN LIBRARY (Kitwe) |
| -- | 3 |
| -- | 2.50 |
| -- | TA 330 Gow |
| -- | 1 |
| -- | AVAILABLE |
| -- | 025680 |
| -- | Main Library Open Access Collection |
| 995 ## - | |
| -- | MAIN LIBRARY OPEN ACCESS |
| -- | 0.00 |
| -- | 727764 |
| -- | CBU-MAIN LIBRARY (Kitwe) |
| -- | 2 |
| -- | 2.50 |
| -- | TA 330 Gow |
| -- | 2 |
| -- | AVAILABLE |
| -- | 025681 |
| -- | Main Library Open Access Collection |
| 999 ## - | |
| -- | 82758 |
| -- | 82758 |
| Withdrawn status | Lost status | Source of classification or shelving scheme | Damaged status | Not for loan | Permanent Location | Current Location | Shelving location | Date acquired | Total Checkouts | Full call number | Barcode | Date last seen | Copy number | Price effective from | Koha item type |
|---|---|---|---|---|---|---|---|---|---|---|---|---|---|---|---|
| CBU-MAIN LIBRARY, KITWE. | CBU-MAIN LIBRARY, KITWE. | 09/29/2023 | TA 330 Gow | 025682 | 09/29/2023 | 1 | 09/29/2023 | MONOGRAPH | |||||||
| CBU-MAIN LIBRARY, KITWE. | CBU-MAIN LIBRARY, KITWE. | 09/29/2023 | TA 330 Gow | 025683 | 09/29/2023 | 2 | 09/29/2023 | MONOGRAPH | |||||||
| CBU-MAIN LIBRARY, KITWE. | CBU-MAIN LIBRARY, KITWE. | 09/29/2023 | TA 330 Gow | 025680 | 09/29/2023 | 3 | 09/29/2023 | MONOGRAPH | |||||||
| CBU-MAIN LIBRARY, KITWE. | CBU-MAIN LIBRARY, KITWE. | 09/29/2023 | TA 330 Gow | 025681 | 09/29/2023 | 4 | 09/29/2023 | MONOGRAPH |